000 00301nam a22001337a 4500
008 230130b ||||| |||| 00| 0 eng d
041 _aeng
080 _2VOLUME 80
_a573
082 _a573HAD
100 _a16
101 _aBIO
245 _aBRITISH MYCOLOGICAL SOCIETY
_cHADLEY G S
942 _2udc
_cBK
999 _c59292
_d59292